000 00930nam a22002415i 4500
001 168215
003 ES-MaACL
005 20250717013110.0
008 051006s1888 fr | |||||||| ||fre d
040 _aCAM
_bspa
_cCAM
100 1 _aZola, Émile,
_d1840-1902
_9118331
245 1 3 _aLe ventre de Paris /
_cpar Émile Zola.
260 _aParis :
_bG. Charpentier et Cie.,
_c1888 (
_eCorbeil :
_fImprimerie Crété)
300 _a358 p. ;
_c19 cm.
490 1 _aBibliothèque Charpentier
490 1 _aLes Rougon-Macqaurt. Histoire naturelle et sociale d'une famille sous le Second Empire
500 _aEn port.: Trentième Mille.
752 _aFrancia -
_dParís
830 0 0 _aBibliothèque Charpentier
_9182245
830 0 _aLes Rougon-Macqaurt. Histoire naturelle et sociale d'une famille sous le Second Empire
_9222702
852 _aES-MaACL
_jB-3241
_z-- Enc. pasta española
999 _c168215
_d168215